000 00687cam a22002531 4500
001 8819
003 BD-RjUL
005 20211208234647.0
008 140119s1961 au a 000 0 ger
035 _a(BD-RjUL)8864
035 _a(OCoLC)4356893
040 _aDLC
_cNcRS
_dDLC
_dBD-RjUL
_beng
041 _aeng
082 0 0 _a510.82
_bDUV 1961
100 1 _aDuschek, Adalbert,
_d1895-
_927416
245 1 0 _aVorlesungen über höhere Mathematik /
_cAdalbert Duschek.
250 _a3., verb. Aufl.
260 _aWien :
_bSpringer,
_c1961.
300 _avi,334 p. :
_billus. ;
_c26 cm.
650 0 _aMathematics.
_927417
942 _2ddc
_cBK
999 _c8819
_d8819